Normal view
MARC view
- فرحات ، محمد نور
Entry Personal Name
001 - CONTROL NUMBER
- control field: 36893
003 - CONTROL NUMBER IDENTIFIER
- control field: JO-AjAnu
005 - DATE AND TIME OF LATEST TRANSACTION
- control field: 20230606080145.0
008 - FIXED-LENGTH DATA ELEMENTS
- fixed length control field: 230606|| aca||aabn | a|a d
040 ## - CATALOGING SOURCE
- Original cataloging agency: JO-AjAnu
- Transcribing agency: JO-AjAnu
100 ## - HEADING--PERSONAL NAME
- Personal name: فرحات ، محمد نور
670 ## - SOURCE DATA FOUND
- Source citation: Work cat.: (JO-AjAnu)18936: فرحات ، محمد نور, author, التاريخ الاجتماعي للقانون في مصر الحديثة